000 01431nam a2200349 a 4500
001 0000394
003 DO-SdBNP
005 20180314103639.0
007 0000394
008 091125s2009 dr a 000 0 spa d
020 _a9789945172010
040 _aBPMSU
_bspa
_cBPMSU
092 _a 373.53
_b F537e 2do. 2009
245 0 0 _aFísica 2 :
_beducación media /
_c Pablo Smester ... [et al.] ; dirección editorial Luis Miguel Aguas Vanin ; ilustración Henry Cid
260 _aSanto Domingo :
_bSM,
_c2009.
300 _a183 p. :
_bil. ;
_c28 cm.
490 1 _aSaber más; educación en valores
505 0 _tLa ciencia y su método --
_tEl movimiento y sus características --
_tFuerzas y movimiento --
_tMecánica de fluidos --
_tEnergía y trabajo --
_tEnergía y calor --
_tEnergía y ondas --
_tElectricidad --
_tDiccionario científico --
_tUnidades, constantes y datos --
650 _aFÍSICA
_xENSEÑANZA SECUNDARIA
650 4 _aFÍSICA
_xEDUCACIÓN SECUNDARIA
650 4 _aEDUCACIÓN SECUNDARIA
_zREPÚBLICA DOMINICANA
650 4 _aFÍSICA
_xLIBROS DE TEXTOS
650 4 _aFÍSCA
_xESTUDIOS Y EJERCICIOS
700 1 2 _aSmester, Pablo
700 1 2 _aAguas Vanin, Luis Miguel
_eed.
700 1 2 _aCid, Henry
_eil.
830 0 _aSaber más; educación en valores
910 _a Validado. Control de calidad MFF
942 _2ddc
_cBK
945 _aRemanejado para la BNPHU, 2018 / BT
956 _aYngrid Lockward
_b10
999 _c10275
_d10275